000 00708nam a22002297a 4500
005 20170124110014.0
010 _aB-219638
020 _c825.00
_a8188836729
035 _aB-219638
037 _bCen Lib/Ret
040 _aDPL
_bEN
082 _a338.4791
_bTOU
245 _aTourism and biodiversity /
_cedited by Romila Chawla
260 _aNew Delhi
_bSonali Publications
_c2005
270 _a4228/1, Ansari Road
_bNew Delhi
_e110002
300 _a338p.
_c22cm(Hb)
490 _aTourism and development series
650 _aPopulation and Biodiversity
_918460
650 _aTourism and Biodiversity
_918461
700 _aChawla, Romila
_910555
942 _2ddc
_cEN
_h338.4791
_mTOU
999 _c126775
_d126775